00486nam a2200169Ia 450000500170000000800460001702000220006303700120008504000200009704100130011708400230013010000170015324500710017026000470024130000160028836500120030420250508165229.0008 250505s9999 xx 000 0 eng d a978-1-84813-411-9 aTextual aFEDLbengcFEDL aeng2eng a370.1, HIR/RqFEDL aHirst Paul H 0aKnowledge and the curriculum: A collection of philosophical papers aLondon, UKbRoutledge and Kegan Paulc1974 axiii, 194p. aGBPb26